[Event "Joao Pessoa de Assis Memorial 3rd"]
[Site "Joao Pessoa"]
[Date "2023.10.21"]
[Round "3"]
[White "Azevedo, Edmundo Roberto Ram"]
[Black "De Oliveira, Lincoln Robert Lem"]
[Result "1-0"]
[WhiteElo "1867"]
[BlackElo "1686"]
[PlyCount "138"]
[EventDate "2023.10.20"]
[EventType "swiss"]
[EventRounds "6"]
[EventCountry "BRA"]
[SourceTitle "Mega2024 Update 01"]
[Source "Chessbase"]
[SourceDate "2023.11.12"]
[SourceVersion "1"]
[SourceVersionDate "2023.11.12"]
[SourceQuality "1"]

1. d4 Nf6 2. Nf3 d5 3. Bf4 a6 4. e3 Bg4 5. Nbd2 e6 6. Be2 Bb4 7. c3 Bd6 8. Bxd6 Qxd6 9. 0-0 0-0 10. Qb3 Nbd7 11. Rac1 b5 12. Bd3 Bxf3 13. Nxf3 h6 14. Rfe1 c5 15. Bb1 Rfc8 16. a3 Rab8 17. dxc5 Nxc5 18. Qd1 Qc7 19. Nd4 e5 20. Nf5 e4 21. Bc2 Qe5 22. Nd4 Rb6 23. Qe2 Ne8 24. Qg4 Rc7 25. Qf5 Nd7 26. Rcd1 Nef6 27. Bb3 g6 28. Qh3 Kg7 29. Qg3 Qxg3 30. hxg3 Ne5 31. Re2 Nc4 32. Rc2 Ng4 33. Bxc4 dxc4 34. Ne2 g5 35. Rd5 Nf6 36. Rd4 Re6 37. Rcd2 Ree7 38. Kf1 Nd7 39. Rd6 Nc5 40. Nd4 Re5 41. g4 f6 42. Nf5+ Kg6 43. Ng3 a5 44. Nh5 Rf7 45. R2d5 Nd3 46. Ke2 b4 47. axb4 axb4 48. Rxe5 Nxe5 49. f3 exf3+ 50. gxf3 bxc3 51. bxc3 Nd3 52. f4 gxf4 53. exf4 Re7+ 54. Kd2 Rf7 55. Rc6 Nf2 56. Rxc4 Nxg4 57. Ng3 Nh2 58. Rc8 Rd7+ 59. Ke2 Re7+ 60. Kf2 Kh7 61. c4 Ng4+ 62. Kf3 Ne3 63. Ne4 Nc2 64. Nxf6+ Kg6 65. Nd5 Nd4+ 66. Kg3 Rg7 67. Kf2 Kf5 68. Rh8 Ne6 69. Rxh6 Nxf4 1-0

[Event "Sao Paulo Carnaval op"]
[Site "Sao Paulo"]
[Date "2020.02.23"]
[Round "4"]
[White "Azevedo, Edmundo Roberto Ram"]
[Black "Bonfim, Regina Rodrigues"]
[Result "1/2-1/2"]
[WhiteElo "1893"]
[BlackElo "1707"]
[PlyCount "65"]
[EventDate "2020.02.22"]
[EventType "swiss"]
[EventRounds "7"]
[EventCountry "BRA"]
[SourceTitle "CBM 195 Extra"]
[Source "ChessBase"]
[SourceDate "2020.05.31"]
[SourceVersion "1"]
[SourceVersionDate "2020.05.31"]
[SourceQuality "1"]

1. d4 Nf6 2. Nf3 e6 3. Bf4 d5 4. e3 Bd6 5. Bg5 h6 6. Bh4 Nbd7 7. Bd3 c5 8. c3 c4 9. Bc2 b5 10. Nbd2 Bb7 11. a3 Qe7 12. 0-0 0-0 13. Re1 g5 14. Bg3 Bxg3 15. hxg3 Ne4 16. Nxe4 dxe4 17. Nd2 f5 18. Qh5 Kg7 19. f3 Nf6 20. Qh2 a5 21. Bd1 Bd5 22. Be2 Rfc8 23. Kf2 Rh8 24. a4 exf3 25. gxf3 Rab8 26. axb5 Rxb5 27. Ra2 Rhb8 28. Raa1 Ne8 29. Rab1 Qc7 30. e4 fxe4 31. fxe4 Ba8 32. e5 Bd5 33. Ke3 1/2-1/2

[Event "Florianopolis op 6th"]
[Site "Florianopolis"]
[Date "2020.01.26"]
[Round "10"]
[White "Azevedo, Edmundo Roberto Ram"]
[Black "Moritz, Diego Homrich"]
[Result "1-0"]
[WhiteElo "1926"]
[BlackElo "1700"]
[PlyCount "49"]
[EventDate "2020.01.20"]
[EventType "swiss"]
[EventRounds "10"]
[EventCountry "BRA"]
[SourceTitle "CBM 194 Extra"]
[Source "ChessBase"]
[SourceDate "2020.03.31"]
[SourceVersion "1"]
[SourceVersionDate "2020.03.31"]
[SourceQuality "1"]

1. d4 d5 2. Bf4 Nf6 3. e3 e6 4. Nf3 c5 5. Bb5+ Bd7 6. Bxd7+ Nbxd7 7. c3 Qb6 8. Qb3 c4 9. Qc2 Rc8 10. 0-0 Ne4 11. Nbd2 f5 12. Ne5 Nxe5 13. Bxe5 Nxd2 14. Qxd2 Bd6 15. Bxg7 Rg8 16. Be5 Rc7 17. f4 Bxe5 18. fxe5 Rcg7 19. Rf2 Qd8 20. b3 f4 21. Qe2 Rg4 22. Kh1 Qg5 23. bxc4 Rh4 24. cxd5 Qg3 25. h3 1-0

[Event "Florianopolis op 6th"]
[Site "Florianopolis"]
[Date "2020.01.22"]
[Round "4"]
[White "Azevedo, Edmundo Roberto Ram"]
[Black "Ferreira de Souza, Ricardo"]
[Result "1-0"]
[WhiteElo "1926"]
[BlackElo "1420"]
[PlyCount "34"]
[EventDate "2020.01.20"]
[EventType "swiss"]
[EventRounds "10"]
[EventCountry "BRA"]
[SourceTitle "CBM 194 Extra"]
[Source "ChessBase"]
[SourceDate "2020.03.31"]
[SourceVersion "1"]
[SourceVersionDate "2020.03.31"]
[SourceQuality "1"]

1. d4 d5 2. Bf4 e6 3. e3 g5 4. Bg3 Bg7 5. Nf3 Nc6 6. c4 Nf6 7. Nxg5 h6 8. Nf3 Ne4 9. Nc3 Nxg3 10. hxg3 Bd7 11. cxd5 Ne7 12. dxe6 Bxe6 13. Bd3 Qd7 14. Qa4 c6 15. Ne4 b6 16. 0-0 f5 17. Ned2 Nd5 1-0

[Event "Florianopolis op 6th"]
[Site "Florianopolis"]
[Date "2020.01.21"]
[Round "2"]
[White "Azevedo, Edmundo Roberto Ram"]
[Black "Da Silva, Paolo Ghiu M Rego"]
[Result "0-1"]
[WhiteElo "1926"]
[BlackElo "2171"]
[PlyCount "89"]
[EventDate "2020.01.20"]
[EventType "swiss"]
[EventRounds "10"]
[EventCountry "BRA"]
[SourceTitle "CBM 194 Extra"]
[Source "ChessBase"]
[SourceDate "2020.03.31"]
[SourceVersion "1"]
[SourceVersionDate "2020.03.31"]
[SourceQuality "1"]

1. d4 Nf6 2. Nf3 e6 3. Bf4 c5 4. c3 b6 5. e3 Bb7 6. Be2 Be7 7. Nbd2 0-0 8. 0-0 Nh5 9. Be5 d6 10. Bg3 Nxg3 11. hxg3 Nd7 12. Bd3 Rc8 13. Qa4 a6 14. Rac1 b5 15. Qd1 Qb6 16. Be4 Rc7 17. Bxb7 Qxb7 18. Nb3 Rfc8 19. dxc5 dxc5 20. Nfd2 c4 21. Nd4 Ne5 22. a3 Rd8 23. Qh5 Rc5 24. Rb1 g6 25. Qe2 h5 26. Rfd1 Kg7 27. N2f3 Nd3 28. Ne1 e5 29. Ndf3 e4 30. Nd4 Qd7 31. f3 h4 32. Nxd3 cxd3 33. Qf2 Rh8 34. gxh4 Bxh4 35. g3 Bf6 36. Nb3 Rcc8 37. Qg2 Qe6 38. Nd2 Qa2 39. Nf1 a5 40. Ra1 Qb3 41. Rab1 Rc7 42. Nd2 Qa2 43. Nf1 Rhc8 44. Ra1 Qb3 45. Rab1 0-1

[Event "Florianopolis op 6th"]
[Site "Florianopolis"]
[Date "2020.01.20"]
[Round "1"]
[White "Gauche, Charles"]
[Black "Azevedo, Edmundo Roberto Ram"]
[Result "1/2-1/2"]
[WhiteElo "2258"]
[BlackElo "1926"]
[PlyCount "60"]
[EventDate "2020.01.20"]
[EventType "swiss"]
[EventRounds "10"]
[EventCountry "BRA"]
[SourceTitle "CBM 194 Extra"]
[Source "ChessBase"]
[SourceDate "2020.03.31"]
[SourceVersion "1"]
[SourceVersionDate "2020.03.31"]
[SourceQuality "1"]

1. e4 d5 2. exd5 Qxd5 3. Nc3 Qd8 4. d4 c6 5. Nf3 Bg4 6. Be2 e6 7. 0-0 Nf6 8. Bg5 Be7 9. h3 Bh5 10. Ne5 Bxe2 11. Nxe2 0-0 12. c3 h6 13. Bh4 Ne4 14. Bxe7 Qxe7 15. Qc2 Nf6 16. Ng3 Nbd7 17. Rfe1 Rad8 18. Qb3 Nxe5 19. dxe5 Nd5 20. c4 Nf4 21. Rad1 Ng6 22. Qc3 Rxd1 23. Rxd1 Rd8 24. Rxd8+ Qxd8 25. Kh2 Qc7 26. Qd4 Qxe5 27. Qd2 a6 28. b4 b5 29. c5 Qd5 30. Qxd5 cxd5 1/2-1/2

[Event "Feira de Santana Baiano-ch"]
[Site "Feira de Santana"]
[Date "2019.10.13"]
[Round "6"]
[White "Rodrigues, Jose Lucas Teixeira"]
[Black "Azevedo, Edmundo Roberto Ram"]
[Result "1/2-1/2"]
[WhiteElo "1982"]
[BlackElo "1920"]
[PlyCount "133"]
[EventDate "2019.10.11"]
[EventType "swiss"]
[EventRounds "6"]
[EventCountry "BRA"]
[SourceTitle "CBM 192 Extra"]
[Source "Chessbase"]
[SourceDate "2019.11.06"]
[SourceVersion "1"]
[SourceVersionDate "2019.11.06"]
[SourceQuality "1"]

1. e4 d5 2. exd5 Qxd5 3. Nc3 Qd8 4. d4 c6 5. d5 Nf6 6. Bc4 cxd5 7. Nxd5 Nxd5 8. Qxd5 Qxd5 9. Bxd5 e6 10. Bf3 Nc6 11. Bxc6+ bxc6 12. Be3 Bb7 13. 0-0-0 c5 14. f3 Be7 15. Ne2 Bc6 16. Bf4 g5 17. Be5 f6 18. Bc3 Kf7 19. Ng3 Rhd8 20. Ne4 g4 21. Nd2 Rg8 22. g3 Rad8 23. Rhf1 h5 24. b3 f5 25. fxg4 hxg4 26. Nc4 Bf6 27. Bxf6 Kxf6 28. Rd6 Rxd6 29. Nxd6 Bf3 30. Rf2 e5 31. Nc4 Rd8 32. Rd2 Rh8 33. Rd6+ Ke7 34. Rd2 Ke6 35. Nb2 f4 36. gxf4 exf4 37. Nd3 Kf5 38. Ne1 Bc6 39. Rf2 Be4 40. Kd2 Ke5 41. Re2 Kd5 42. c4+ Kd4 43. Rf2 Ke5 44. Kc3 Rh3+ 45. Kb2 g3 46. hxg3 fxg3 47. Rf1 Rh1 48. Rxh1 Bxh1 49. Kc2 Be4+ 50. Kc3 g2 51. Nxg2 Bxg2 52. b4 Kd6 53. a3 Be4 54. Kb3 Kc6 55. Kc3 Kb6 56. Kb3 Kc6 57. Kc3 a5 58. bxc5 Kxc5 59. Kb3 Bc6 60. Kc3 a4 61. Kd3 Be8 62. Kc3 Bg6 63. Kb2 Kxc4 64. Ka1 Kc3 65. Ka2 Bf7+ 66. Ka1 Kb3 67. Kb1 1/2-1/2

[Event "Brasilia Terraviva op"]
[Site "Brasilia"]
[Date "2019.01.12"]
[Round "5"]
[White "Lima Filho, Jose Pacifico"]
[Black "Azevedo, Edmundo Roberto Ram"]
[Result "0-1"]
[WhiteElo "1814"]
[BlackElo "2011"]
[PlyCount "74"]
[EventDate "2019.01.10"]
[EventType "swiss"]
[EventRounds "7"]
[EventCountry "BRA"]
[SourceTitle "CBM 188 Extra"]
[Source "ChessBase"]
[SourceDate "2019.02.26"]
[SourceVersion "1"]
[SourceVersionDate "2019.02.26"]
[SourceQuality "1"]

1. d4 d5 2. Nf3 Nf6 3. Bf4 Bf5 4. e3 e6 5. Nbd2 Bd6 6. Bxd6 Qxd6 7. Be2 0-0 8. 0-0 c5 9. c4 Nc6 10. cxd5 Qxd5 11. dxc5 Qxc5 12. Nb3 Qb6 13. Qd6 Ne4 14. Qa3 Nb4 15. Rac1 Rac8 16. Nbd4 Bg6 17. Ne5 Nf6 18. Nc4 Qc5 19. Nb5 Qe7 20. Rfe1 Nbd5 21. Qxe7 Nxe7 22. Nd4 Nfd5 23. a4 Rfe8 24. Bg4 Kh8 25. Bf3 h6 26. Ne5 Kh7 27. h4 h5 28. Nxg6 Kxg6 29. g3 f6 30. Bg2 Rxc1 31. Rxc1 Rc8 32. Rxc8 Nxc8 33. e4 Ndb6 34. f4 e5 35. Nb5 a6 36. Nc7 Nc4 37. Nd5 Kf7 0-1

[Event "Recife Arraes Memorial 11th"]
[Site "Recife"]
[Date "2018.07.29"]
[Round "5"]
[White "Azevedo, Edmundo Roberto Ram"]
[Black "Zallio, Luciano de Souza"]
[Result "0-1"]
[WhiteElo "2005"]
[BlackElo "2238"]
[PlyCount "122"]
[EventDate "2018.07.27"]
[EventType "swiss"]
[EventRounds "6"]
[EventCountry "BRA"]
[SourceTitle "CBM 186 Extra"]
[Source "ChessBase"]
[SourceDate "2018.08.24"]
[SourceVersion "1"]
[SourceVersionDate "2018.08.24"]
[SourceQuality "1"]

1. d4 Nf6 2. Nf3 c5 3. c3 d5 4. Bf4 Nc6 5. e3 Qb6 6. Qb3 c4 7. Qxb6 axb6 8. Na3 Na7 9. Be2 Bf5 10. Nh4 Bd7 11. 0-0 h6 12. Bg3 b5 13. Nc2 g5 14. Nf3 Nc6 15. a3 Ne4 16. Nb4 e6 17. Be5 f6 18. Bc7 h5 19. h4 g4 20. Nh2 Bh6 21. g3 Kf7 22. Bf4 Bg7 23. Rfd1 Nxb4 24. axb4 Rxa1 25. Rxa1 e5 26. dxe5 fxe5 27. Bg5 Nxg5 28. hxg5 e4 29. Nf1 Kg6 30. Nd2 Be5 31. Kg2 Kxg5 32. Ra7 Bc6 33. Nf1 h4 34. gxh4+ Kxh4 35. Ra1 Kg5 36. Ra7 d4 37. cxd4 Bxd4 38. exd4 e3+ 39. f3 gxf3+ 40. Bxf3 e2 41. Ra1 Bxf3+ 42. Kxf3 exf1Q+ 43. Rxf1 Rf8+ 44. Ke2 Rxf1 45. Kxf1 Kf4 46. Kf2 Ke4 47. d5 Kxd5 48. Ke3 Ke5 49. Ke2 Ke4 50. Kd2 Kd4 51. Kc2 Ke3 52. Kc3 b6 53. Kc2 Ke2 54. Kc3 Kd1 55. b3 cxb3 56. Kxb3 Kd2 57. Kb2 Kd3 58. Kb3 Kd4 59. Kb2 Kc4 60. Ka3 Kc3 61. Ka2 Kxb4 0-1

[Event "Joao Pessoa Fischer Memorial 9th"]
[Site "Joao Pessoa"]
[Date "2018.03.16"]
[Round "1"]
[White "Azevedo, Edmundo Roberto Ram"]
[Black "Marques, Dayvid Geverson Lop"]
[Result "1-0"]
[WhiteElo "2019"]
[BlackElo "1531"]
[PlyCount "74"]
[EventDate "2018.03.16"]
[EventType "swiss"]
[EventRounds "6"]
[EventCountry "BRA"]
[SourceTitle "CBM 183 Extra"]
[Source "ChessBase"]
[SourceDate "2018.04.19"]
[SourceVersion "1"]
[SourceVersionDate "2018.04.19"]
[SourceQuality "1"]

1. d4 d5 2. Bf4 Nf6 3. e3 e6 4. Nf3 Be7 5. Bd3 0-0 6. 0-0 Nbd7 7. h3 a6 8. c4 c5 9. cxd5 exd5 10. dxc5 Nxc5 11. Nc3 b5 12. Rc1 Bb7 13. Ne2 Ne6 14. Be5 Bd6 15. Bxd6 Qxd6 16. Ned4 Rac8 17. Qd2 Ne4 18. Bxe4 dxe4 19. Nxe6 Qxe6 20. Nd4 Qxa2 21. Qb4 Qd5 22. Rcd1 Qe5 23. Rd2 Rc4 24. Qa5 Qc7 25. Qa3 Rc1 26. Rdd1 Rxd1 27. Rxd1 Rc8 28. Nf5 Rd8 29. Nd4 Rc8 30. Nf5 Rd8 31. Rxd8+ Qxd8 32. Qc3 f6 33. Qc5 Kh8 34. Nd6 Qf8 35. Nxb7 Qxc5 36. Nxc5 a5 37. Kf1 Kg8 1-0

[Event "Agua Preta op"]
[Site "Agua Preta"]
[Date "2017.11.25"]
[Round "3"]
[White "Azevedo, Edmundo Roberto Ram"]
[Black "Matsuura, Everaldo"]
[Result "0-1"]
[WhiteElo "2012"]
[BlackElo "2462"]
[PlyCount "88"]
[EventDate "2017.11.24"]
[EventType "swiss"]
[EventRounds "6"]
[EventCountry "BRA"]
[SourceTitle "CBM 181 Extra"]
[Source "ChessBase"]
[SourceDate "2017.12.12"]
[SourceVersion "1"]
[SourceVersionDate "2017.12.12"]
[SourceQuality "1"]

1. d4 Nf6 2. Nf3 e6 3. Bg5 h6 4. Bh4 c5 5. c3 b6 6. e3 Bb7 7. Nbd2 Be7 8. Qb3 0-0 9. h3 Ne4 10. Bxe7 Qxe7 11. Nxe4 Bxe4 12. Be2 d6 13. 0-0 Nd7 14. Nd2 Bh7 15. Bf3 Rab8 16. Be4 Bxe4 17. Nxe4 Kh8 18. Qd1 f5 19. Nd2 Rf6 20. f4 e5 21. Re1 Re6 22. Nf3 Re8 23. Qa4 e4 24. Nh2 a5 25. Kh1 g5 26. Rf1 Rf8 27. Rf2 Rg6 28. Rg1 Nf6 29. fxg5 Nd5 30. dxc5 dxc5 31. Re1 hxg5 32. Qd1 Qe5 33. Rd2 Nf6 34. Rd8 Rxd8 35. Qxd8+ Kh7 36. Qxb6 g4 37. Qb5 gxh3 38. gxh3 Nh5 39. Qd7+ Rg7 40. Qd1 Kh6 41. Qd2 Qg3 42. Rd1 Qxh3 43. Rg1 Ng3+ 44. Rxg3 Qxg3 0-1

[Event "Bahia-ch final"]
[Site "Paulo Afonso"]
[Date "2017.01.21"]
[Round "3"]
[White "Azevedo, Edmundo Roberto Ram"]
[Black "Neves, Carlos Alberto"]
[Result "1/2-1/2"]
[WhiteElo "1973"]
[BlackElo "1971"]
[PlyCount "44"]
[EventDate "2017.01.20"]
[EventType "swiss"]
[EventRounds "6"]
[EventCountry "BRA"]
[SourceTitle "EXT 2018"]
[Source "ChessBase"]
[SourceDate "2017.10.13"]
[SourceVersion "1"]
[SourceVersionDate "2017.10.13"]
[SourceQuality "1"]

1. d4 f5 2. Nf3 Nf6 3. Bg5 e6 4. e3 Be7 5. Bd3 0-0 6. 0-0 b6 7. Nbd2 Bb7 8. Ne5 Nc6 9. Ndf3 Ne4 10. Bxe4 fxe4 11. Nxc6 Bxc6 12. Bxe7 Qxe7 13. Nd2 Rf6 14. c4 Rg6 15. g3 Qh4 16. Qe2 Qh3 17. f4 h5 18. Qg2 Qg4 19. Nxe4 Bxe4 20. Qxe4 Rf8 21. Kf2 Kf7 22. Rg1 c6 1/2-1/2

[Event "Recife Arraes Memorial 9th"]
[Site "Recife"]
[Date "2016.10.23"]
[Round "6.7"]
[White "Azevedo, Edmundo Roberto Ram"]
[Black "Lima, Luiz Alexandre de S"]
[Result "1/2-1/2"]
[WhiteElo "1986"]
[BlackElo "1904"]
[PlyCount "40"]
[EventDate "2016.10.21"]
[EventType "swiss"]
[EventRounds "6"]
[EventCountry "BRA"]
[SourceTitle "EXT 2022"]
[Source "ChessBase"]
[SourceDate "2021.10.06"]
[SourceVersion "1"]
[SourceVersionDate "2021.10.06"]
[SourceQuality "1"]

1. d4 Nf6 2. Nf3 d6 3. Bg5 Ne4 4. Bh4 g6 5. Nbd2 Nxd2 6. Qxd2 Bg7 7. e3 0-0 8. Be2 c5 9. dxc5 Bxb2 10. Rb1 Bg7 11. cxd6 Qxd6 12. Qxd6 exd6 13. Be7 Re8 14. Bxd6 Bc3+ 15. Kf1 Be6 16. a3 b6 17. Bd3 Nd7 18. Bb4 Bg7 19. Ke2 Rac8 20. Rhe1 Nc5 1/2-1/2

[Event "Recife Arraes Memorial 9th"]
[Site "Recife"]
[Date "2016.10.23"]
[Round "5.3"]
[White "Macedo, Maximo Iack Miranda"]
[Black "Azevedo, Edmundo Roberto Ram"]
[Result "1-0"]
[WhiteElo "2350"]
[BlackElo "1986"]
[PlyCount "51"]
[EventDate "2016.10.21"]
[EventType "swiss"]
[EventRounds "6"]
[EventCountry "BRA"]
[SourceTitle "EXT 2022"]
[Source "ChessBase"]
[SourceDate "2021.10.06"]
[SourceVersion "1"]
[SourceVersionDate "2021.10.06"]
[SourceQuality "1"]

1. c4 c6 2. e4 d5 3. exd5 cxd5 4. d4 dxc4 5. Bxc4 e6 6. Nc3 Nf6 7. Nf3 Be7 8. 0-0 0-0 9. a3 Nbd7 10. Qd3 Nb6 11. Bb3 Nbd5 12. Bg5 b6 13. Nxd5 Nxd5 14. Bxd5 exd5 15. Bxe7 Qxe7 16. Rfe1 Qf6 17. Re5 Bb7 18. Rae1 Qc6 19. Re7 Rfe8 20. Ng5 g6 21. Qh3 h5 22. Qe3 Rxe7 23. Qxe7 a5 24. Nh7 Re8 25. Nf6+ Kg7 26. Nxe8+ 1-0